[Event "EYCC Open-U16 2019"]
[Site "Bratislava"]
[Date "2019.08.09"]
[Round "8.15"]
[White "Mis, Mieszko"]
[Black "Fojt, Petr"]
[Result "1-0"]
[WhiteElo "2284"]
[BlackElo "2140"]
[Annotator "NA"]
[PlyCount "91"]
[EventDate "2019.08.02"]
[EventType "swiss"]
[EventCountry "SVK"]
[SourceTitle "playchess.com"]
[Source "ChessBase"]
[SourceQuality "1"]
[TimeControl "40/5400+30:1800+30"]

1. d4 {[%emt 0:00:00]} d5 {[%emt 0:00:00]} 2. Nf3 {[%emt 0:00:50]} e6 {[%emt 0:00:35]} 3. c4 {[%emt 0:02:39]} a6 {[%emt 0:00:35]} 4. cxd5 {[%emt 0:00:36]} exd5 {[%emt 0:00:17]} 5. Nc3 {[%emt 0:00:04]} Nf6 {[%emt 0:00:40]} 6. Bg5 {[%emt 0:00:05]} Be6 {[%emt 0:00:23]} 7. e3 {[%emt 0:02:30]} Nbd7 {[%emt 0:09:12]} 8. Bd3 {[%emt 0:01:23]} Be7 {[%emt 0:06:43]} 9. O-O {[%emt 0:01:32]} O-O {[%emt 0:00:19]} 10. Ne5 {[%emt 0:02:39]} Nxe5 {[%emt 0:05:30]} 11. dxe5 {[%emt 0:00:09]} Ne4 {[%emt 0:00:52]} 12. Bxe7 {[%emt 0:00:55]} Qxe7 {[%emt 0:01:18]} 13. Nxe4 {[%emt 0:00:47]} dxe4 {[%emt 0:00:07]} 14. Bxe4 {[%emt 0:00:13]} Bc4 {[%emt 0:00:47]} 15. Bxh7+ {[%emt 0:02:00]} Kxh7 {[%emt 0:00:19]} 16. Qc2+ {[%emt 0:00:01]} g6 {[%emt 0:02:06]} 17. Qxc4 {[%emt 0:00:05]} Qxe5 {[%emt 0:00:06]} 18. Rac1 {[%emt 0:01:12]} Rac8 {[%emt 0:12:08]} 19. Rfd1 {[%emt 0:01:02]} b5 {[%emt 0:08:13]} 20. Qc3 {[%emt 0:05:33]} Qxc3 {[%emt 0:02:30]} 21. Rxc3 {[%emt 0:00:05]} c5 {[%emt 0:00:45]} 22. Kf1 {[%emt 0:02:58]} c4 {[%emt 0:02:40]} 23. Ke2 {[%emt 0:01:44]} b4 {[%emt 0:04:07]} 24. Rc2 {[%emt 0:00:25]} Rc5 {[%emt 0:00:39]} 25. a3 {[%emt 0:07:08]} Rb8 {[%emt 0:10:53]} 26. Rd4 {[%emt 0:06:16]} bxa3 {[%emt 0:02:39]} 27. bxa3 {[%emt 0:01:07]} c3 {[%emt 0:00:07]} 28. Kd3 {[%emt 0:06:41]} Rbc8 {[%emt 0:03:39]} 29. e4 {[%emt 0:00:27]} Kg7 {[%emt 0:00:24]} 30. Rd6 {[%emt 0:02:41]} Ra5 {[%emt 0:05:44]} 31. Rxc3 {[%emt 0:00:50]} Rxc3+ {[%emt 0:00:07]} 32. Kxc3 {[%emt 0:00:01]} Rxa3+ {[%emt 0:00:07]} 33. Kd4 {[%emt 0:03:46]} Ra1 {[%emt 0:02:25]} 34. Ke3 {[%emt 0:01:25]} a5 {[%emt 0:00:10]} 35. Ra6 {[%emt 0:00:29]} a4 {[%emt 0:00:16]} 36. Kf4 {[%emt 0:02:34]} a3 {[%emt 0:02:05]} 37. f3 {[%emt 0:01:24]} a2 {[%emt 0:00:51]} 38. g4 {[%emt 0:05:50]} f6 {[%emt 0:05:34]} 39. h4 {[%emt 0:06:20]} Kf7 {[%emt 0:04:42]} 40. e5 {[%emt 0:00:00]} Re1 {[%emt 0:00:00]} 41. Ra7+ {[%emt 0:17:58]} Ke6 {[%emt 0:08:36]} 42. Rxa2 {[%emt 0:00:46]} Rxe5 {[%emt 0:00:12]} 43. Ra7 {[%emt 0:00:52]} Rb5 {[%emt 0:02:28]} 44. Rg7 {[%emt 0:01:56]} f5 {[%emt 0:03:59]} 45. Rxg6+ {[%emt 0:00:22]} Kf7 {[%emt 0:00:06]} 46. Rg5 {[%emt 0:00:25]} 1-0

[Event "EYCC Open-U16 2019"]
[Site "Bratislava"]
[Date "2019.08.09"]
[Round "8.16"]
[White "Svanda, Ondrej"]
[Black "Ognean, Mihnea-Ionut"]
[Result "1-0"]
[WhiteElo "2234"]
[BlackElo "2287"]
[Annotator "NA"]
[PlyCount "87"]
[EventDate "2019.08.02"]
[EventType "swiss"]
[EventCountry "SVK"]
[SourceTitle "playchess.com"]
[Source "ChessBase"]
[SourceQuality "1"]
[TimeControl "40/5400+30:1800+30"]

1. d4 {[%emt 0:00:00]} Nf6 {[%emt 0:00:00]} 2. c4 {[%emt 0:00:00]} e6 {[%emt 0:00:00]} 3. Nf3 {[%emt 0:00:00]} d5 {[%emt 0:00:03]} 4. Nc3 {[%emt 0:00:11]} Nbd7 {[%emt 0:00:08]} 5. cxd5 {[%emt 0:00:53]} exd5 {[%emt 0:00:05]} 6. Bf4 {[%emt 0:00:09]} c6 {[%emt 0:01:50]} 7. Qc2 {[%emt 0:00:35]} Be7 {[%emt 0:01:51]} 8. h3 {[%emt 0:00:31]} O-O {[%emt 0:03:05]} 9. e3 {[%emt 0:00:58]} Re8 {[%emt 0:00:48]} 10. Bd3 {[%emt 0:00:40]} Nf8 {[%emt 0:01:07]} 11. O-O {[%emt 0:00:56]} Ng6 {[%emt 0:07:35]} 12. Bh2 {[%emt 0:00:02]} Bd6 {[%emt 0:00:14]} 13. Bxd6 {[%emt 0:00:07]} Qxd6 {[%emt 0:00:04]} 14. Rab1 {[%emt 0:02:34]} Qe7 {[%emt 0:11:03]} 15. b4 {[%emt 0:05:14]} a6 {[%emt 0:03:45]} 16. a4 {[%emt 0:05:15]} Ne4 {[%emt 0:07:33]} 17. b5 {[%emt 0:08:14]} axb5 {[%emt 0:05:52]} 18. axb5 {[%emt 0:00:05]} Bf5 {[%emt 0:08:47]} 19. bxc6 {[%emt 0:11:30]} bxc6 {[%emt 0:00:05]} 20. Nd2 {[%emt 0:10:05]} Nh4 {[%emt 0:06:01]} 21. Bxe4 {[%emt 0:06:48]} dxe4 {[%emt 0:00:13]} 22. Ne2 {[%emt 0:00:24]} Qd7 {[%emt 0:17:02]} 23. Nf4 {[%emt 0:09:37]} g5 {[%emt 0:08:44]} 24. Nh5 {[%emt 0:00:04]} Qe6 {[%emt 0:00:20]} 25. Qc5 {[%emt 0:02:51]} Ra2 {[%emt 0:08:23]} 26. Nc4 {[%emt 0:18:51]} Rea8 {[%emt 0:05:04]} 27. Qe5 {[%emt 0:04:57]} Qxe5 {[%emt 0:01:14]} 28. Nxe5 {[%emt 0:00:03]} Be6 {[%emt 0:01:43]} 29. Nxc6 {[%emt 0:01:33]} Kf8 {[%emt 0:00:35]} 30. Rfc1 {[%emt 0:00:57]} f5 {[%emt 0:00:48]} 31. Ne5 {[%emt 0:01:21]} f4 {[%emt 0:00:26]} 32. Rb6 {[%emt 0:04:11]} fxe3 {[%emt 0:00:41]} 33. Rxe6 {[%emt 0:00:36]} exf2+ {[%emt 0:00:02]} 34. Kf1 {[%emt 0:00:12]} e3 {[%emt 0:00:11]} 35. Nd7+ {[%emt 0:00:37]} Kf7 {[%emt 0:00:37]} 36. Rxe3 {[%emt 0:00:04]} Kg6 {[%emt 0:00:53]} 37. Ng3 {[%emt 0:00:16]} Rd2 {[%emt 0:00:31]} 38. Ne5+ {[%emt 0:00:46]} Kg7 {[%emt 0:00:04]} 39. Nf3 {[%emt 0:01:10]} Nxf3 {[%emt 0:00:19]} 40. Rxf3 {[%emt 0:00:00]} Raa2 {[%emt 0:00:00]} 41. Rb3 {[%emt 0:02:59]} Kf7 {[%emt 0:01:09]} 42. Ne4 {[%emt 0:01:13]} Rxd4 {[%emt 0:00:19]} 43. Nxg5+ {[%emt 0:00:21]} Ke7 {[%emt 0:00:52]} 44. Re3+ {[%emt 0:01:02]} 1-0

[Event "EYCC Open-U16 2019"]
[Site "Bratislava"]
[Date "2019.08.09"]
[Round "8.17"]
[White "Sorensen, Hampus"]
[Black "Ceres, Dragos"]
[Result "0-1"]
[WhiteElo "2352"]
[BlackElo "2266"]
[Annotator "TA"]
[PlyCount "72"]
[EventDate "2019.08.02"]
[EventType "swiss"]
[EventCountry "SVK"]
[SourceTitle "playchess.com"]
[Source "ChessBase"]
[SourceQuality "1"]

{[%evp 9,72,-1,19,16,14,-6,-6,-6,-2,-12,-8,-25,-32,-28,-20,-43,-43,-38,-31,-34,-29,-33,-42,-42,-26,-70,-46,-40,-40,-74,-87,-104,-108,-108,-108,-144,-144,-145,-144,-152,-135,-210,-218,-230,-227,-311,-300,-291,-289,-329,-314,-432,-422,-29989,-29990,-29991,-29992,-29992,-29993,-29996,-29994,-29997,-29998,-29998,-29999]} 1. d4 Nf6 2. Bg5 d5 3. e3 c5 4. Bxf6 gxf6 5. dxc5 e6 6. c4 {D00: 1 d4 d5: Unusual lines} (6. Nf3 Bxc5 7. Be2 O-O 8. O-O Nc6 9. c4 dxc4 10. Qa4 Nb4 11. Qb5 b6 12. Qxc4 f5 13. Rd1 Qf6 {½-½ (29) Shimanov,A (2613)-So,W (2762) chess.com INT 2019}) 6... dxc4 7. Qxd8+ (7. Qc2 {keeps more tension.} Bd7 8. Nc3 Qa5 9. Bxc4 Bc6 10. Nf3) 7... Kxd8 8. Bxc4 {The position is equal.} Bxc5 9. Nc3 Bd7 10. Nge2 $146 ({Predecessor:} 10. O-O-O Ke7 11. Nge2 Bc6 12. Nf4 Bb4 13. Nce2 Nd7 {0-1 (42) Mihok,L (2141)-Heimann,A (2490) Nuremberg 2012}) 10... Bc6 11. Nf4 {White wants to play Bxe6!} Ke7 12. Ke2 Bd6 13. f3 Rg8 {And now ...Bxf4 would win.} 14. Kf2 Nd7 15. Rhd1 Rac8 16. Bb3 Be5 17. Nfe2 f5 18. h3 Rg7 19. g4 Rcg8 {[%cal Rf5g4]} 20. Rg1 Bf6 21. Nd4 {[#]} h5 $1 {[%cal Rf5g4][%mdl 512]} 22. Bd1 (22. gxh5 Bh4+) 22... Bxd4 23. exd4 fxg4 24. fxg4 Nf6 {[%cal Rh5g4]} 25. Re1 (25. b4 $17 {keeps fighting.}) 25... hxg4 $19 26. hxg4 Rd8 27. Ke3 Nxg4+ 28. Bxg4 Rxg4 29. Ne2 Re4+ 30. Kf2 Rh8 {Strongly threatening ...Rh2+.} 31. Kg3 {[#]} (31. d5 $19 Bxd5 32. Nc3 Rf4+ 33. Ke3 Rf3+ 34. Kd2) 31... Re3+ {Black mates.} 32. Kf2 Rf3+ 33. Kg1 Rg8+ 34. Kh2 Rf6 {[%cal Rf6h6]} 35. Ng1 Rh6+ 36. Nh3 Rg2+ 0-1

[Event "EYCC Open-U16 2019"]
[Site "Bratislava"]
[Date "2019.08.09"]
[Round "8.18"]
[White "Kochavi, Ori"]
[Black "Olsen, Filip Boe"]
[Result "0-1"]
[WhiteElo "2153"]
[BlackElo "2383"]
[Annotator "TA"]
[PlyCount "66"]
[EventDate "2019.08.02"]
[EventType "swiss"]
[EventCountry "SVK"]
[SourceTitle "playchess.com"]
[Source "ChessBase"]
[SourceQuality "1"]

{[%evp 11,66,17,20,2,10,-16,-9,-18,-13,-10,2,-23,0,-55,-54,-42,-52,-91,-71,-85,-81,-97,-52,-60,-61,-53,-44,-104,-116,-182,-175,-186,-184,-260,-268,-260,-272,-359,-358,-371,-370,-375,-368,-371,-343,-562,-552,-545,-552,-506,-477,-461,-315,-900,-619,-927,-917]} 1. e4 c5 2. Nf3 d6 3. Bc4 Nf6 4. d3 Nc6 5. c3 g6 6. O-O Bg7 7. Nbd2 {B50: Sicilian: 2...d6, Miscellaneous} O-O 8. Bb3 b5 (8... e5 9. Re1 Kh8 10. Nf1 Be6 11. Bg5 h6 12. Bh4 Qd7 13. Ne3 Nh5 14. Ba4 Nf4 15. Bg3 Nh5 {0-1 (41) Artemiev,V (2709)-Guseinov,G (2664) Skopje 2018}) 9. Re1 {The position is equal.} Bb7 10. Nf1 Rc8 11. d4 Qc7 $146 ({Predecessor:} 11... cxd4 12. cxd4 Nd7 13. Ne3 Na5 14. Bd5 Bxd5 15. Nxd5 Nb6 16. Bg5 Nxd5 17. exd5 {½-½ (27) Soukos,K (2110)-Papadakis,M (2227) Porto Rio 2015}) 12. e5 (12. d5 $11 Na5 13. Bg5) 12... dxe5 $15 13. dxe5 Ng4 {[%cal Rc6e5]} 14. e6 c4 15. Bc2 f5 $36 {[%mdl 2048] Black has strong initiative.} 16. h3 Rcd8 (16... Nge5 {is more complex.} 17. Bf4 b4 18. Rb1 Nxf3+ 19. Qxf3 Qa5) 17. Qe2 $1 Nf6 18. a4 a6 19. Ng3 ({White should try} 19. Bg5 $15) 19... Nd5 $17 20. Ng5 (20. axb5 $17 axb5 21. Bg5) 20... Nf4 $19 21. Bxf4 Qxf4 22. Qe3 (22. axb5 $142 axb5 23. Nf3) 22... Qxe3 23. fxe3 {[#]} b4 $1 {[%cal Rb4c3]} 24. Nf7 Rd2 ({Don't play} 24... bxc3 25. bxc3 Bxc3 26. Nxd8 $19) 25. Re2 bxc3 26. bxc3 Bxc3 {And now ...Rxe2 would win.} 27. Rb1 Bc8 28. e4 $2 (28. Rxd2 {was necessary.} Bxd2 29. Nf1) 28... Nd4 29. Rxd2 Bxd2 30. Nf1 c3 31. Nxd2 cxd2 32. Bd3 $2 (32. Bd1) 32... Bxe6 {[#] Hoping for ...Rc8.} 33. Ng5 Bb3 {Accuracy: White = 24%, Black = 76%.} 0-1

[Event "EYCC Open-U16 2019"]
[Site "Bratislava"]
[Date "2019.08.09"]
[Round "8.19"]
[White "Marn, Jan"]
[Black "Boyer, Mahel"]
[Result "1/2-1/2"]
[WhiteElo "2215"]
[BlackElo "2295"]
[Annotator "NA"]
[PlyCount "125"]
[EventDate "2019.08.02"]
[EventType "swiss"]
[EventCountry "SVK"]
[SourceTitle "playchess.com"]
[Source "ChessBase"]
[SourceQuality "1"]
[TimeControl "40/5400+30:1800+30"]

1. d4 {[%emt 0:00:00]} Nf6 {[%emt 0:00:00]} 2. c4 {[%emt 0:00:00]} e6 {[%emt 0:00:00]} 3. Nf3 {[%emt 0:00:00]} c5 {[%emt 0:00:00]} 4. d5 {[%emt 0:00:00]} d6 {[%emt 0:00:00]} 5. Nc3 {[%emt 0:00:06]} exd5 {[%emt 0:00:00]} 6. cxd5 {[%emt 0:00:11]} g6 {[%emt 0:00:00]} 7. Bf4 {[%emt 0:00:11]} a6 {[%emt 0:00:32]} 8. a4 {[%emt 0:00:09]} Bg7 {[%emt 0:00:04]} 9. e4 {[%emt 0:00:10]} O-O {[%emt 0:00:05]} 10. Be2 {[%emt 0:00:07]} Ne8 {[%emt 0:12:02]} 11. O-O {[%emt 0:08:09]} f5 {[%emt 0:05:09]} 12. Qd2 {[%emt 0:13:24]} Nd7 {[%emt 0:27:13]} 13. exf5 {[%emt 0:15:02]} gxf5 {[%emt 0:00:18]} 14. Bc4 {[%emt 0:06:49]} Ne5 {[%emt 0:08:08]} 15. Bxe5 {[%emt 0:00:26]} dxe5 {[%emt 0:00:07]} 16. d6+ {[%emt 0:00:06]} Kh8 {[%emt 0:00:11]} 17. Rad1 {[%emt 0:01:50]} Bd7 {[%emt 0:06:08]} 18. Ng5 {[%emt 0:10:44]} Qf6 {[%emt 0:01:01]} 19. Nd5 {[%emt 0:00:23]} Qg6 {[%emt 0:02:36]} 20. Ne7 {[%emt 0:03:15]} Qf6 {[%emt 0:00:13]} 21. h4 {[%emt 0:07:55]} b5 {[%emt 0:01:43]} 22. axb5 {[%emt 0:07:28]} axb5 {[%emt 0:00:04]} 23. Qd5 {[%emt 0:00:30]} Ra6 {[%emt 0:03:22]} 24. Nf7+ {[%emt 0:16:51]} Rxf7 {[%emt 0:00:31]} 25. Qxf7 {[%emt 0:00:05]} Qxf7 {[%emt 0:00:16]} 26. Bxf7 {[%emt 0:00:06]} Nxd6 {[%emt 0:00:13]} 27. Bb3 {[%emt 0:01:18]} c4 {[%emt 0:02:27]} 28. Ra1 {[%emt 0:01:07]} Rxa1 {[%emt 0:00:51]} 29. Rxa1 {[%emt 0:00:04]} Bf8 {[%emt 0:03:28]} 30. Ra8 {[%emt 0:00:32]} Kg7 {[%emt 0:12:08]} 31. Ra7 {[%emt 0:00:13]} Bxe7 {[%emt 0:00:43]} 32. Rxd7 {[%emt 0:00:05]} Kf6 {[%emt 0:00:02]} 33. Bc2 {[%emt 0:01:10]} Ke6 {[%emt 0:00:03]} 34. Ra7 {[%emt 0:00:12]} Bxh4 {[%emt 0:00:54]} 35. Rxh7 {[%emt 0:00:06]} Bg5 {[%emt 0:00:02]} 36. b3 {[%emt 0:06:03]} c3 {[%emt 0:00:38]} 37. Rh5 {[%emt 0:01:41]} Bd2 {[%emt 0:00:09]} 38. Kf1 {[%emt 0:00:43]} b4 {[%emt 0:00:55]} 39. Ke2 {[%emt 0:01:03]} e4 {[%emt 0:00:08]} 40. f3 {[%emt 0:00:00]} e3 {[%emt 0:00:00]} 41. Rh4 {[%emt 0:22:47]} Nb5 {[%emt 0:06:44]} 42. Kd3 {[%emt 0:02:20]} Na3 {[%emt 0:12:16]} 43. Bd1 {[%emt 0:00:05]} Bc1 {[%emt 0:00:04]} 44. g3 {[%emt 0:07:26]} Kf6 {[%emt 0:03:10]} 45. Rh6+ {[%emt 0:00:22]} Kf7 {[%emt 0:00:27]} 46. Rh1 {[%emt 0:00:36]} Kg7 {[%emt 0:01:47]} 47. Rh2 {[%emt 0:00:53]} Bd2 {[%emt 0:00:31]} 48. Rh4 {[%emt 0:00:11]} Bc1 {[%emt 0:00:13]} 49. Rh5 {[%emt 0:00:28]} Kg6 {[%emt 0:00:13]} 50. Rh8 {[%emt 0:00:04]} f4 {[%emt 0:04:30]} 51. gxf4 {[%emt 0:00:10]} e2 {[%emt 0:00:12]} 52. Kxe2 {[%emt 0:00:29]} c2 {[%emt 0:02:20]} 53. Bxc2+ {[%emt 0:00:04]} Nxc2 {[%emt 0:00:03]} 54. Kd3 {[%emt 0:02:08]} Ne1+ {[%emt 0:01:30]} 55. Ke4 {[%emt 0:00:04]} Bd2 {[%emt 0:00:22]} 56. f5+ {[%emt 0:00:50]} Kg7 {[%emt 0:00:05]} 57. Rh2 {[%emt 0:00:26]} Bc3 {[%emt 0:00:05]} 58. f4 {[%emt 0:00:34]} Kf6 {[%emt 0:00:18]} 59. Ra2 {[%emt 0:00:04]} Kf7 {[%emt 0:00:18]} 60. Ra7+ {[%emt 0:00:59]} Kf6 {[%emt 0:00:01]} 61. Ra6+ {[%emt 0:00:13]} Kf7 {[%emt 0:00:02]} 62. Ra2 {[%emt 0:00:48]} Kf6 {[%emt 0:00:05]} 63. Ra6+ {[%emt 0:00:28] Ke5+} 1/2-1/2

[Event "EYCC Open-U16 2019"]
[Site "Bratislava"]
[Date "2019.08.09"]
[Round "8.20"]
[White "Degraeve, Remy"]
[Black "Kasioumis, Vasilios"]
[Result "0-1"]
[WhiteElo "2349"]
[BlackElo "2015"]
[Annotator "NA"]
[PlyCount "70"]
[EventDate "2019.08.02"]
[EventType "swiss"]
[EventCountry "SVK"]
[SourceTitle "playchess.com"]
[Source "ChessBase"]
[SourceQuality "1"]
[TimeControl "40/5400+30:1800+30"]

1. e4 {[%emt 0:00:00]} c5 {[%emt 0:00:00]} 2. Nf3 {[%emt 0:00:00]} e6 {[%emt 0:00:00]} 3. d4 {[%emt 0:00:00]} cxd4 {[%emt 0:00:00]} 4. Nxd4 {[%emt 0:00:00]} Nc6 {[%emt 0:00:00]} 5. Nc3 {[%emt 0:00:00]} Qc7 {[%emt 0:00:00]} 6. Be3 {[%emt 0:00:00]} a6 {[%emt 0:00:00]} 7. Qf3 {[%emt 0:00:00]} Nf6 {[%emt 0:00:01]} 8. O-O-O {[%emt 0:00:00]} h5 {[%emt 0:00:05]} 9. Nxc6 {[%emt 0:05:39]} dxc6 {[%emt 0:00:06]} 10. Bg5 {[%emt 0:06:11]} e5 {[%emt 0:04:26]} 11. Qg3 {[%emt 0:02:56]} Be6 {[%emt 0:11:47]} 12. h3 {[%emt 0:02:44]} b5 {[%emt 0:07:42]} 13. Kb1 {[%emt 0:04:16]} Nd7 {[%emt 0:04:23]} 14. Be2 {[%emt 0:03:33]} f6 {[%emt 0:05:44]} 15. Bc1 {[%emt 0:00:41]} Qa5 {[%emt 0:13:19]} 16. b3 {[%emt 0:03:09]} Bb4 {[%emt 0:01:54]} 17. Qg6+ {[%emt 0:05:59]} Bf7 {[%emt 0:03:36]} 18. Qxg7 {[%emt 0:00:08]} Rg8 {[%emt 0:00:10]} 19. Qh7 {[%emt 0:00:04]} Nf8 {[%emt 0:02:42]} 20. Qf5 {[%emt 0:01:30]} Ke7 {[%emt 0:05:13]} 21. Be3 {[%emt 0:14:44]} Bg6 {[%emt 0:01:37]} 22. Qf3 {[%emt 0:00:02]} Ne6 {[%emt 0:05:47]} 23. Nd5+ {[%emt 0:11:18]} cxd5 {[%emt 0:00:30]} 24. exd5 {[%emt 0:00:04]} Rac8 {[%emt 0:08:40]} 25. Bd3 {[%emt 0:00:04]} Rxc2 {[%emt 0:02:44]} 26. Bxc2 {[%emt 0:00:06]} Bxc2+ {[%emt 0:00:08]} 27. Kxc2 {[%emt 0:00:04]} Qxa2+ {[%emt 0:00:04]} 28. Kd3 {[%emt 0:00:10]} Qxb3+ {[%emt 0:00:15]} 29. Ke2 {[%emt 0:00:19]} Qc4+ {[%emt 0:00:06]} 30. Rd3 {[%emt 0:00:26]} e4 {[%emt 0:00:14]} 31. Qxe4 {[%emt 0:03:17]} Qxe4 {[%emt 0:00:06]} 32. dxe6 {[%emt 0:00:02]} Rd8 {[%emt 0:03:10]} 33. Rhd1 {[%emt 0:00:03]} Rxd3 {[%emt 0:00:12]} 34. Rxd3 {[%emt 0:00:01]} Qxe6 {[%emt 0:00:27]} 35. f4 {[%emt 0:00:12]} Qe4 {[%emt 0:01:02]} 0-1

[Event "EYCC Open-U16 2019"]
[Site "Bratislava"]
[Date "2019.08.09"]
[Round "8.21"]
[White "Suvorov, Alexander"]
[Black "Torngren, Gustav"]
[Result "1/2-1/2"]
[WhiteElo "2333"]
[BlackElo "2109"]
[Annotator "NA"]
[PlyCount "91"]
[EventDate "2019.08.02"]
[EventType "swiss"]
[EventCountry "SVK"]
[SourceTitle "playchess.com"]
[Source "ChessBase"]
[SourceQuality "1"]
[TimeControl "40/5400+30:1800+30"]

1. d4 {[%emt 0:00:00]} e6 {[%emt 0:00:00]} 2. Bf4 {[%emt 0:00:00]} c5 {[%emt 0:01:34]} 3. e3 {[%emt 0:00:27]} Nc6 {[%emt 0:05:49]} 4. c3 {[%emt 0:01:23]} d5 {[%emt 0:03:38]} 5. Nd2 {[%emt 0:01:38]} cxd4 {[%emt 0:00:35]} 6. exd4 {[%emt 0:00:46]} Bd6 {[%emt 0:00:11]} 7. Bxd6 {[%emt 0:04:21]} Qxd6 {[%emt 0:00:12]} 8. Qg4 {[%emt 0:01:00]} Kf8 {[%emt 0:05:45]} 9. Ngf3 {[%emt 0:04:25]} Nh6 {[%emt 0:08:17]} 10. Qh5 {[%emt 0:05:55]} Bd7 {[%emt 0:03:40]} 11. Bd3 {[%emt 0:08:20]} f6 {[%emt 0:03:14]} 12. O-O {[%emt 0:06:15]} Be8 {[%emt 0:00:38]} 13. Qh3 {[%emt 0:03:24]} Bg6 {[%emt 0:01:09]} 14. Nh4 {[%emt 0:04:46]} Bxd3 {[%emt 0:01:31]} 15. Qxd3 {[%emt 0:00:02]} g5 {[%emt 0:00:13]} 16. Nhf3 {[%emt 0:00:45]} Re8 {[%emt 0:11:51]} 17. Nb3 {[%emt 0:22:16]} Re7 {[%emt 0:02:55]} 18. Rfe1 {[%emt 0:02:07]} Kg7 {[%emt 0:08:54]} 19. Re2 {[%emt 0:06:11]} Nf7 {[%emt 0:01:26]} 20. Rd1 {[%emt 0:03:26]} Rhe8 {[%emt 0:05:54]} 21. Nfd2 {[%emt 0:03:41]} Nh8 {[%emt 0:01:26]} 22. Rde1 {[%emt 0:03:09]} Ng6 {[%emt 0:00:31]} 23. g3 {[%emt 0:00:11]} h5 {[%emt 0:05:59]} 24. Nf1 {[%emt 0:00:08]} Nd8 {[%emt 0:01:33]} 25. Ne3 {[%emt 0:01:06]} Nf7 {[%emt 0:01:04]} 26. c4 {[%emt 0:00:52]} dxc4 {[%emt 0:00:25]} 27. Nxc4 {[%emt 0:00:42]} Qd5 {[%emt 0:00:27]} 28. Ne3 {[%emt 0:00:40]} Qf3 {[%emt 0:00:19]} 29. Rc2 {[%emt 0:00:37]} b6 {[%emt 0:03:20]} 30. Nd2 {[%emt 0:01:17]} Qa8 {[%emt 0:00:36]} 31. d5 {[%emt 0:06:40]} Nge5 {[%emt 0:01:33]} 32. Qe2 {[%emt 0:00:41]} g4 {[%emt 0:06:11]} 33. f4 {[%emt 0:00:03]} gxf3 {[%emt 0:00:08]} 34. Nxf3 {[%emt 0:00:05]} Ng4 {[%emt 0:00:11]} 35. Nxg4 {[%emt 0:05:02]} hxg4 {[%emt 0:00:42]} 36. Nd4 {[%emt 0:00:42]} Ne5 {[%emt 0:01:28]} 37. dxe6 {[%emt 0:00:50]} Rxe6 {[%emt 0:05:26]} 38. Rc7+ {[%emt 0:02:45]} Kf8 {[%emt 0:00:02]} 39. Nxe6+ {[%emt 0:01:55]} Rxe6 {[%emt 0:00:02]} 40. Qc2 Qd5 {[%emt 0:00:00]} 41. Rc8+ {[%emt 0:08:57]} Kg7 {[%emt 0:16:37]} 42. Qc7+ {[%emt 0:03:21]} Nf7 {[%emt 0:00:34]} 43. Rxe6 {[%emt 0:01:36]} Qxe6 {[%emt 0:00:05]} 44. Qc3 {[%emt 0:08:15]} Ng5 {[%emt 0:06:45]} 45. Rc4 {[%emt 0:04:16]} b5 {[%emt 0:06:51]} 46. Rc7+ {[%emt 0:02:22]} 1/2-1/2

[Event "EYCC Open-U16 2019"]
[Site "Bratislava"]
[Date "2019.08.09"]
[Round "8.22"]
[White "Gavrilin, Roman"]
[Black "Fecker, Noah"]
[Result "1/2-1/2"]
[WhiteElo "2131"]
[BlackElo "2313"]
[Annotator "NA"]
[PlyCount "49"]
[EventDate "2019.08.02"]
[EventType "swiss"]
[EventCountry "SVK"]
[SourceTitle "playchess.com"]
[Source "ChessBase"]
[SourceQuality "1"]
[TimeControl "40/5400+30:1800+30"]

1. e4 {[%emt 0:00:00]} c5 {[%emt 0:00:00]} 2. Nf3 {[%emt 0:00:00]} e6 {[%emt 0:00:00]} 3. d4 {[%emt 0:00:00]} cxd4 {[%emt 0:00:00]} 4. Nxd4 {[%emt 0:00:00]} Nc6 {[%emt 0:00:00]} 5. Nc3 {[%emt 0:00:05]} Qc7 {[%emt 0:00:00]} 6. Be3 {[%emt 0:00:09]} a6 {[%emt 0:00:00]} 7. Qd2 {[%emt 0:00:47]} Nf6 {[%emt 0:00:46]} 8. f4 {[%emt 0:00:23]} Bb4 {[%emt 0:05:30]} 9. Bd3 {[%emt 0:00:05]} Na5 {[%emt 0:03:27]} 10. a3 {[%emt 0:00:06]} Bxc3 {[%emt 0:00:20]} 11. Qxc3 {[%emt 0:00:08]} Qxc3+ {[%emt 0:00:09]} 12. bxc3 {[%emt 0:00:04]} d5 {[%emt 0:12:31]} 13. exd5 {[%emt 0:00:04]} Nxd5 {[%emt 0:07:34]} 14. Bd2 {[%emt 0:00:05]} Nb6 {[%emt 0:10:08]} 15. Rb1 {[%emt 0:00:04]} Nbc4 {[%emt 0:03:01]} 16. Bc1 {[%emt 0:00:05]} Bd7 {[%emt 0:08:44]} 17. Bxc4 {[%emt 0:01:30]} Nxc4 {[%emt 0:02:24]} 18. Rxb7 {[%emt 0:00:56]} Nd6 {[%emt 0:04:24]} 19. Rb6 {[%emt 0:03:07]} Ke7 {[%emt 0:06:34]} 20. O-O {[%emt 0:12:16]} Rhb8 {[%emt 0:04:35]} 21. Rxb8 {[%emt 0:00:31]} Rxb8 {[%emt 0:00:05]} 22. Re1 {[%emt 0:00:53]} Rc8 {[%emt 0:04:44]} 23. f5 {[%emt 0:25:04]} Rxc3 {[%emt 0:06:06]} 24. Bg5+ f6 25. Bd2 1/2-1/2